Quelle ville au Canada ? - Statistiques

Statistiques générales
  • Ce quiz a été pris 8 420 fois
    8 292 depuis la dernière actualisation
  • Le résultat moyen est 9 sur 20
Statistiques - réponses
Description Lettre Ville % Correct
La capitale du Canada, située dans la province d'Ontario O Ottawa
99%
On peut y trouver la tour CN et la seule franchise NBA du pays T Toronto
97%
Plus grande ville du Québec, sur une île au milieu du Saint-Laurent M Montréal
95%
Aucune ville du monde ayant cette initiale n'est plus peuplée qu'elle V Vancouver
86%
Elle a été fondée par Samuel de Champlain en 1608 Q Québec
73%
On y trouve d'impressionnantes chutes d'eau, dont celles du Fer-à-Cheval N {Niagara} Falls
58%
Elle a accueilli les jeux olympiques d'hiver de 1988 C Calgary
55%
Autre grande métropole de l'Alberta, avec 1,3 million d'habitants E Edmonton
45%
Capitale de la Colombie-Britannique, sur l'île éponyme de la réponse précédente V Victoria
38%
Cette ville québécoise partage son nom avec une homologue des Pays de la Loire L Laval
35%
Ses habitants sont les haligonien.ne.s H Halifax
30%
Contrairement à une idée reçue, la capitale du Saskatchewan est ___, pas Saskatoon R Regina
30%
Ville des Territoires du Nord-Ouest où l'on peut trouver le Grand Lac des Esclaves Y Yellowknife
25%
Ville francophone qui se situe sur la rive en face de la capitale nationale G Gatineau
22%
La plus grande ville bordée par le Lac Supérieur T {Thunder} Bay
21%
La plus grande ville du territoire du Yukon W Whitehorse
21%
Capitale provinciale la plus orientale du pays S Saint-Jean deTerre-Neuve
18%
Elle a donné son nom au premier parc naturel du Canada en 1885 B Banff
17%
Capitale du Nunavut, elle n'est accessible que par l'avion ou le bateau I Iqaluit
17%
Une conférence y a été tenue en 1864 pour fonder la Confédération canadienne C {Charlotte}town
15%
Aucun quiz correspondant
Distribution des résultats
% des personnes avec chaque résultat
Percentile par nombre de réponses
Votre historique - résultats
Vous n’avez pas pris ce quiz depuis la dernière actualisation